书目信息 |
| 题名: |
阿拉伯传记文学研究
|
|
| 作者: | 邹兰芳 著 | |
| 分册: | ||
| 出版信息: | 北京 中国社会科学出版社 2016 |
|
| 页数: | 446页 | |
| 开本: | 24cm | |
| 丛书名: | ||
| 单 册: | ||
| 中图分类: | I371.075 | |
| 科图分类: | ||
| 主题词: | 传记文学--chuan ji wen xue--文学研究--阿拉伯半岛地区 | |
| 电子资源: | ||
| ISBN: | 978-7-5161-6202-6 | |
| 000 | 01054nam0 22002411 450 | |
| 001 | 1730349255 | |
| 005 | 20170525101551.0 | |
| 010 | @a978-7-5161-6202-6@dCNY99.00 | |
| 100 | @a20160224d2016 em y0chiy50 ea | |
| 101 | 0 | @achi |
| 102 | @aCN@b110000 | |
| 105 | @ay z 000yy | |
| 106 | @ar | |
| 200 | 1 | @a阿拉伯传记文学研究@Aa la bai chuan ji wen xue yan jiu@f邹兰芳著 |
| 210 | @a北京@c中国社会科学出版社@d2016 | |
| 215 | @a446页@d24cm | |
| 300 | @a2008年国家社会科学基金资助项目 | |
| 330 | @a本书作者以一位中国学者的视角,廓清了阿拉伯传记/自传文学产生、发展、嬗变的历史轨迹和大致形态,探讨了此文类在历史发展过程中,尤其在现当代历史文化语境下的总体表征和叙事风格,分析了阿拉伯传记文学与西方传记文学的异同以及产生差异的文化、政治、宗教、语言等因素,折射出阿拉伯民族个性特征和伊斯兰文化特色,丰富了传记文学在国内的研究维度和视野。 | |
| 606 | 0 | @a传记文学@Achuan ji wen xue@x文学研究@y阿拉伯半岛地区 |
| 690 | @aI371.075@v5 | |
| 701 | 0 | @a邹兰芳@Azou lan fang@f(1966~)@4著 |
| 801 | 0 | @aCN@bTANG WEI@c20170524 |
| 905 | @b0969936-8@dI371.075@e207@f3 | |
| 阿拉伯传记文学研究/邹兰芳著.-北京:中国社会科学出版社,2016 |
| 446页;24cm |
| 2008年国家社会科学基金资助项目 |
| ISBN 978-7-5161-6202-6:CNY99.00 |
| 本书作者以一位中国学者的视角,廓清了阿拉伯传记/自传文学产生、发展、嬗变的历史轨迹和大致形态,探讨了此文类在历史发展过程中,尤其在现当代历史文化语境下的总体表征和叙事风格,分析了阿拉伯传记文学与西方传记文学的异同以及产生差异的文化、政治、宗教、语言等因素,折射出阿拉伯民族个性特征和伊斯兰文化特色,丰富了传记文学在国内的研究维度和视野。 |
| ● |
| 相关链接 |
|
|
|
|
正题名:阿拉伯传记文学研究
索取号:I371.075/207
 
预约/预借
| 序号 | 登录号 | 条形码 | 馆藏地/架位号 | 状态 | 备注 |
| 1 | 0969936 | 209699361 | 第一样本阅览室/ [索取号:I371.075/207] | 在馆 | |
| 2 | 0969937 | 209699370 | 密集书库-文学院/ [索取号:I371.075/207] | 在馆 | |
| 3 | 0969938 | 209699389 | 第二借阅区/ [索取号:I371.075/207] | 在馆 |